000 00471nam a22001937a 4500
003 MPLRDC
005 20220104124321.0
008 210129b ||||| |||| 00| 0 eng d
020 _a957-9344-35-3
082 _a192.1 PDXL v.9
100 _a李振昌主编
245 _a智慧、朋友与工作
_c
250 _a初版
260 _a
_b中国生产力中心
_c1991
300 _b
490 _a跑道系列. 9
650 _a修身
942 _cBK
_o192.1 PDXL v.9
999 _c18370
_d18360